000 00389nam a2200157 i 4500
001 bg
100 1 _aPIEŃKOWSKI, Kazimierz
245 0 _aOgrzewnictwo.
_nT. 2 /
_cW. Pieńkowski, A. Tumel, W. Tumel.
260 _aBiałystok,
_c1990.
700 1 _aTUMEL, Anna
700 1 _aTUMEL, Waldemar
040 _cBPK
041 _apol
942 _cKS
008 s pl f |000 0 pol
999 _c4339
_d4339
856 _uhttp://koha.tu.koszalin.pl/cgi-bin/koha/opac-detail.pl?biblionumber=4339
_yKatalog online BPK